[Event "4NCL Online Division 3"]
[Site "online"]
[Date "2021.11.16"]
[EventDate "2021.11.16"]
[Round "7.151"]
[White "Du Toit, Reenen J"]
[WhiteElo "1863"]
[WhiteTeam "Wessex Some Stars D"]
[Black "Stoker, Andrew J"]
[BlackElo "2023"]
[BlackTeam "Manchester Manticores"]
[Result "0-1"]
[PlyCount "54"]

1. c4 f5 2. Nc3 Nf6 3. g3 e6 4. Bg2 Be7 5. d3 c6 6. e3 d5 7. cxd5 exd5 8. Nge2 O-O 9. O-O Be6 10. Nd4 Qd7 11. Nxe6 Qxe6 12. Qb3 Nbd7 13. d4 Rab8 14. Re1 Bd6 15. Bd2 Qf7 16. Rad1 Kh8 17. Bc1 Qh5 18. Qc2 Ne4 19. Qe2 Qh6 20. a3 Ndf6 21. f3 Nxg3 22. hxg3 Bxg3 23. Bf1 Qh4 24. Bd2 Nh5 25. Qg2 Rf6 26. Qh1 Bf2+ 27. Kg2 Qg3# 0-1

[Event "4NCL Online Division 3"]
[Site "online"]
[Date "2021.11.16"]
[EventDate "2021.11.16"]
[Round "7.152"]
[White "Reed, John"]
[WhiteElo "1878"]
[WhiteTeam "Manchester Manticores"]
[Black "Clancy, Martin J"]
[BlackElo "1847"]
[BlackTeam "Wessex Some Stars D"]
[Result "1-0"]
[PlyCount "81"]

1. d4 Nf6 2. c4 e6 3. Nc3 Bb4 4. Bg5 h6 5. Bh4 c5 6. d5 exd5 7. cxd5 d6 8. e3 O-O 9. Bd3 Nbd7 10. Ne2 Ne5 11. Bc2 Ng6 12. Bg3 a6 13. O-O Nh5 14. a3 Nxg3 15. Nxg3 Bxc3 16. bxc3 Bd7 17. Qd3 c4 18. Qd2 Qe7 19. e4 Bg4 20. f3 Bd7 21. Rae1 b5 22. f4 Qh4 23. e5 dxe5 24. Bxg6 fxg6 25. fxe5 Rae8 26. Rxf8+ Kxf8 27. e6 Bc8 28. Re4 Qd8 29. Qf2+ Kg8 30. Qd4 Qd6 31. Re1 Bb7 32. Re5 Kh7 33. Ne4 Qxa3 34. d6 Qc1+ 35. Kf2 Rf8+ 36. Kg3 Qf4+ 37. Kh3 g5 38. Nxg5+ hxg5 39. Qxf4 gxf4 40. e7 Re8 41. d7 1-0

[Event "4NCL Online Division 3"]
[Site "online"]
[Date "2021.11.16"]
[EventDate "2021.11.16"]
[Round "7.153"]
[White "Ursell, Adam R"]
[WhiteElo "1807"]
[WhiteTeam "Wessex Some Stars D"]
[Black "Sheppard, Daniel C"]
[BlackElo "1872"]
[BlackTeam "Manchester Manticores"]
[Result "0-1"]
[PlyCount "64"]

1. e4 c5 2. Nf3 Nc6 3. c3 d5 4. exd5 Qxd5 5. Na3 g6 6. d4 cxd4 7. cxd4 Bg7 8. Nb5 Kf8 9. Nc3 Qa5 10. Bc4 Bg4 11. Be3 Rd8 12. h3 Ne5 13. Be2 Nxf3+ 14. Bxf3 Bxf3 15. Qxf3 Bxd4 16. Bxd4 Rxd4 17. Qxb7 Qe5+ 18. Kf1 Rd2 19. Re1 Qd4 20. Re3 Kg7 21. Kg1 Nf6 22. Kh2 Qf4+ 23. Rg3 Rxf2 24. Nd5 Qe4 25. Qxa7 Qxd5 26. Qxf2 Ne4 27. Qf3 Qe5 28. Rf1 f5 29. b4 Nd2 30. Qf4 Nxf1+ 31. Qxf1 h5 32. Qf3 h4 0-1

[Event "4NCL Online Division 3"]
[Site "online"]
[Date "2021.11.16"]
[EventDate "2021.11.16"]
[Round "7.154"]
[White "Potter, Steven"]
[WhiteElo "1833"]
[WhiteTeam "Manchester Manticores"]
[Black "Stuart, Graham"]
[BlackElo "1769"]
[BlackTeam "Wessex Some Stars D"]
[Result "0-1"]
[PlyCount "52"]

1. d4 e6 2. Nf3 d5 3. Bg5 Be7 4. Bxe7 Qxe7 5. e3 Nf6 6. Nbd2 O-O 7. Bd3 c5 8. dxc5 Qxc5 9. O-O Nc6 10. a3 e5 11. e4 d4 12. Rc1 Qe7 13. c3 Bg4 14. Qb3 Rad8 15. cxd4 Nxd4 16. Nxd4 Rxd4 17. Rc4 Be6 18. Rfc1 Bxc4 19. Rxc4 Rfd8 20. Rc3 Qd6 21. Nf3 Rxd3 22. h3 Rxc3 23. bxc3 Qd1+ 24. Qxd1 Rxd1+ 25. Kh2 Nxe4 26. Nxe5 Nxc3 0-1

[Event "4NCL Online Division 3"]
[Site "online"]
[Date "2021.11.16"]
[EventDate "2021.11.16"]
[Round "7.161"]
[White "Povah, Nigel E"]
[WhiteTitle "IM"]
[WhiteElo "2284"]
[WhiteTeam "Guildford Castles 1"]
[Black "Brozel, Sacha"]
[BlackElo "2311"]
[BlackTeam "Barnet Knights A"]
[Result "1-0"]
[PlyCount "33"]

1. d4 e6 2. Nf3 Nf6 3. Bf4 b6 4. e3 Bb7 5. Bd3 Be7 6. h3 O-O 7. O-O c5 8. c3 d6 9. Re1 Nbd7 10. e4 Qc7 11. e5 Nd5 12. exd6 Bxd6 13. Bxd6 Qxd6 14. dxc5 Nxc5 15. c4 Nxd3 16. Qxd3 Ba6 17. Qd4 1-0

[Event "4NCL Online Division 3"]
[Site "online"]
[Date "2021.11.16"]
[EventDate "2021.11.16"]
[Round "7.162"]
[White "Willmoth, Robert F"]
[WhiteTitle "CM"]
[WhiteElo "2220"]
[WhiteTeam "Barnet Knights A"]
[Black "Punnett, Alan K"]
[BlackElo "2084"]
[BlackTeam "Guildford Castles 1"]
[Result "0-1"]
[PlyCount "70"]

1. Nf3 Nf6 2. e3 g6 3. d4 Bg7 4. Be2 O-O 5. O-O d6 6. c4 Nbd7 7. Nc3 e5 8. Qc2 c6 9. b4 Re8 10. Rd1 e4 11. Nd2 Qe7 12. a4 Nf8 13. Ba3 Bf5 14. b5 h5 15. a5 a6 16. bxc6 bxc6 17. Rab1 Rab8 18. Rb6 Rxb6 19. axb6 c5 20. dxc5 dxc5 21. Nd5 Nxd5 22. cxd5 Nd7 23. b7 Ne5 24. Rb1 Nf3+ 25. gxf3 exf3 26. Bd3 Qg5+ 27. Kf1 Qg2+ 28. Ke1 Qxh2 29. Bxf5 Rxe3+ 30. Kd1 Qg1+ 31. Nf1 Qxf1+ 32. Kd2 Qxf2+ 33. Kc1 Re1+ 34. Qd1 Qe3+ 35. Kc2 Qc3# 0-1

[Event "4NCL Online Division 3"]
[Site "online"]
[Date "2021.11.16"]
[EventDate "2021.11.16"]
[Round "7.163"]
[White "Young, Craig A"]
[WhiteElo "2081"]
[WhiteTeam "Guildford Castles 1"]
[Black "Ethelontis, Alexandros N"]
[BlackElo "2127"]
[BlackTeam "Barnet Knights A"]
[Result "1/2-1/2"]
[PlyCount "94"]

1. d4 Nf6 2. Nf3 e6 3. c4 Bb4+ 4. Nbd2 d6 5. a3 Bxd2+ 6. Qxd2 Nc6 7. e3 a5 8. b3 Qe7 9. Bb2 e5 10. d5 Nb8 11. Qc2 O-O 12. Be2 Bg4 13. Ng1 Bxe2 14. Nxe2 Na6 15. O-O Nc5 16. b4 axb4 17. axb4 Ncd7 18. Rxa8 Rxa8 19. Ra1 Rxa1+ 20. Bxa1 g6 21. h3 Nh5 22. Qa4 Nb6 23. Qc2 Qh4 24. e4 Nf4 25. Nxf4 Qxf4 26. Bb2 Nd7 27. Bc1 Qh4 28. Bd2 b6 29. f3 Kg7 30. Kh2 h5 31. g3 Qd8 32. Qa4 h4 33. g4 f6 34. Be3 Kf7 35. Bf2 g5 36. Qc6 Ke7 37. c5 bxc5 38. bxc5 Qb8 39. cxd6+ cxd6 40. Kg2 Nf8 41. Bb6 Nd7 42. Bf2 Qb2 43. Qc7 Qb5 44. Qa7 Kf7 45. Qc7 Ke7 46. Qa7 Qb2 47. Qc7 Qb5 1/2-1/2

[Event "4NCL Online Division 3"]
[Site "online"]
[Date "2021.11.16"]
[EventDate "2021.11.16"]
[Round "7.164"]
[White "Rasalingam, Haran"]
[WhiteElo "2039"]
[WhiteTeam "Barnet Knights A"]
[Black "Toon, James MG"]
[BlackElo "2008"]
[BlackTeam "Guildford Castles 1"]
[Result "0-1"]
[PlyCount "76"]

1. e4 e5 2. f4 exf4 3. Nf3 Nf6 4. e5 Nh5 5. Be2 d6 6. d4 dxe5 7. O-O exd4 8. Bc4 g6 9. c3 Nc6 10. Qb3 Bc5 11. Bxf7+ Kf8 12. Qc4 Bb6 13. b3 Na5 14. Qd5 Qf6 15. Re1 Kg7 16. Ba3 dxc3+ 17. Kh1 c2 18. Nbd2 Rd8 19. Qb5 a6 20. Qe2 Qxf7 21. Bb2+ Kh6 22. Ne5 Qf5 23. g4 fxg3 24. Rf1 Bf2 25. Ne4 g2+ 26. Kxg2 Nf4+ 27. Kxf2 Nxe2+ 28. Ke3 Qh3+ 29. Rf3 Qxh2 30. Nf7+ Kh5 31. Nf6+ Kh4 32. Be5 c1=Q+ 33. Rxc1 Rd3+ 34. Kxd3 Nxc1+ 35. Ke3 Qe2+ 36. Kf4 Bf5 37. Re3 Qf2+ 38. Rf3 Nd3# 0-1

[Event "4NCL Online Division 4"]
[Site "online"]
[Date "2021.08.24"]
[EventDate "2021.08.24"]
[Round "1.11"]
[White "Kriman, Salim"]
[WhiteElo "2025"]
[WhiteTeam "Hackney Hackers"]
[Black "Carpenter, Martin"]
[BlackElo "2043"]
[BlackTeam "Eagle and Child"]
[Result "1-0"]
[PlyCount "63"]

1. d4 Nf6 2. c4 e6 3. Nc3 Bb4 4. Nf3 c5 5. g3 cxd4 6. Qxd4 Nc6 7. Qd3 O-O 8. Bg2 d5 9. cxd5 exd5 10. O-O d4 11. Nb5 Bc5 12. Bf4 a6 13. Rfc1 Bb6 14. Nd6 h6 15. Ne5 Nb4 16. Qb3 Qxd6 17. Nc4 Qe6 18. Qxb4 Ba7 19. Qd2 Nd5 20. Rc2 Bd7 21. Ne5 Nxf4 22. gxf4 Bc8 23. b4 Rd8 24. Rac1 Bd7 25. Bxb7 Rab8 26. Bc6 Be8 27. Bxe8 Rxe8 28. Nc6 Qg4+ 29. Kh1 d3 30. Qxd3 Bxf2 31. Nxb8 Re3 32. Rc8+ 1-0

[Event "4NCL Online Division 4"]
[Site "online"]
[Date "2021.08.24"]
[EventDate "2021.08.24"]
[Round "1.12"]
[White "Bedi, Adam"]
[WhiteElo "2002"]
[WhiteTeam "Eagle and Child"]
[Black "Conway, Paul Bernard"]
[BlackElo "1833"]
[BlackTeam "Hackney Hackers"]
[Result "1-0"]
[PlyCount "55"]

1. d4 Nf6 2. c4 c5 3. d5 e6 4. Nc3 exd5 5. cxd5 d6 6. e4 g6 7. Bd3 Bg7 8. Nge2 O-O 9. Ng3 b6 10. O-O Ba6 11. Bg5 h6 12. Bf4 Bxd3 13. Qxd3 a6 14. a4 Ng4 15. Rae1 Nxh2 16. Bxd6 Qxd6 17. Kxh2 Be5 18. Ne2 Bxb2 19. f4 Rd8 20. Rd1 Bg7 21. e5 Qe7 22. d6 Qh4+ 23. Kg1 Nd7 24. Nc3 Bxe5 25. fxe5 Nxe5 26. Qd5 Qxg3 27. Ne4 Ng4 28. Nxg3 1-0

[Event "4NCL Online Division 4"]
[Site "online"]
[Date "2021.08.24"]
[EventDate "2021.08.24"]
[Round "1.13"]
[White "Figueroa, Edison"]
[WhiteElo "1791"]
[WhiteTeam "Hackney Hackers"]
[Black "Herman, Thomas"]
[BlackElo "1832"]
[BlackTeam "Eagle and Child"]
[Result "1/2-1/2"]
[PlyCount "61"]

1. e4 c5 2. d4 cxd4 3. c3 dxc3 4. Nxc3 e6 5. Nf3 Nc6 6. Bc4 a6 7. O-O Qc7 8. Qe2 Bd6 9. Rd1 Nge7 10. Be3 Ne5 11. Nxe5 Bxe5 12. h3 O-O 13. Rac1 b5 14. Bb3 Qb8 15. Qg4 d5 16. exd5 exd5 17. Qf3 Bb7 18. Bd4 Bxd4 19. Rxd4 Nc6 20. Rh4 d4 21. Nd5 Qd6 22. Qe4 h6 23. Rxc6 Bxc6 24. Ne7+ Kh8 25. Qxc6 Qxe7 26. Rxh6+ gxh6 27. Qxh6+ Kg8 28. Qg6+ Kh8 29. Qh6+ Kg8 30. Qg6+ Kh8 31. Qh6+ 1/2-1/2

[Event "4NCL Online Division 4"]
[Site "online"]
[Date "2021.08.24"]
[EventDate "2021.08.24"]
[Round "1.14"]
[White "Weber, Simon"]
[WhiteElo "1685"]
[WhiteTeam "Eagle and Child"]
[Black "Friel, Jamie"]
[BlackElo "1712"]
[BlackTeam "Hackney Hackers"]
[Result "1-0"]
[PlyCount "109"]

1. c4 Nf6 2. Nc3 g6 3. g3 Bg7 4. Bg2 O-O 5. e4 d6 6. Nge2 Nc6 7. O-O Bg4 8. h3 Be6 9. d3 Qc8 10. Kh2 Nd7 11. Be3 f5 12. Qd2 fxe4 13. Nxe4 Nce5 14. f4 Nf7 15. Rae1 Nh6 16. b3 Nf5 17. Ng5 Nxe3 18. Qxe3 Bf5 19. g4 h6 20. Nf3 Bxg4 21. hxg4 Nf6 22. Bh3 Nxg4+ 23. Bxg4 Qxg4 24. Ng3 Rxf4 25. Qe6+ Qxe6 26. Rxe6 Kf7 27. Re4 Rxe4 28. Nxe4 Bf6 29. Nxf6 exf6 30. Re1 Re8 31. Rxe8 Kxe8 32. Kg3 Ke7 33. Nh4 Kf7 34. Kg4 h5+ 35. Kf3 g5 36. Nf5 Kg6 37. Ke4 g4 38. Kf4 Kf7 39. d4 a6 40. a4 Kg6 41. Nh4+ Kf7 42. Kf5 c6 43. d5 cxd5 44. cxd5 b5 45. axb5 axb5 46. b4 Ke7 47. Kg6 g3 48. Nf5+ Kd7 49. Nxg3 h4 50. Nh1 Ke7 51. Nf2 Kd7 52. Kxf6 Ke8 53. Ke6 Kf8 54. Kxd6 Kg7 55. Kc6 1-0

[Event "4NCL Online Division 4"]
[Site "online"]
[Date "2021.08.24"]
[EventDate "2021.08.24"]
[Round "1.21"]
[White "Suyash Srikanta Prasad"]
[WhiteElo "1708"]
[WhiteTeam "Uxbridge Bulldogs"]
[Black "Cooper, Malcolm H"]
[BlackElo "1796"]
[BlackTeam "Farnham B"]
[Result "1/2-1/2"]
[PlyCount "114"]

1. e4 c5 2. c3 Nf6 3. e5 Nd5 4. d4 cxd4 5. cxd4 Nc6 6. Bc4 Nb6 7. Bb5 d5 8. exd6 Qxd6 9. Nc3 a6 10. Bxc6+ Qxc6 11. Qf3 Qxf3 12. Nxf3 Bg4 13. Ne5 Bf5 14. b3 e6 15. O-O Bb4 16. Bb2 Rc8 17. Rac1 f6 18. Nf3 Kf7 19. Rfd1 Rhd8 20. Nh4 Bxc3 21. Rxc3 Rxc3 22. Bxc3 Be4 23. Ba5 Rd6 24. Bxb6 Rxb6 25. g3 Rc6 26. Ng2 Rc2 27. Re1 Bxg2 28. Kxg2 Rxa2 29. Rc1 b5 30. Rc7+ Kg6 31. Rc6 Kf7 32. Rc7+ Kg6 33. Rc6 Kf5 34. Kf3 Ra3 35. g4+ Kg6 36. Rxe6 Rxb3+ 37. Ke4 Kf7 38. Rxa6 Rc3 39. f4 b4 40. f5 Rc7 41. Rb6 Rc2 42. Rxb4 Rxh2 43. Rb7+ Kf8 44. Kd5 Ra2 45. Rc7 Ra5+ 46. Rc5 Ra7 47. Rc6 Rd7+ 48. Rd6 Ke7 49. Rxd7+ Kxd7 50. Kc5 g6 51. fxg6 hxg6 52. d5 f5 53. gxf5 gxf5 54. Kc4 Kd6 55. Kd4 f4 56. Ke4 f3 57. Kxf3 Kxd5 1/2-1/2

[Event "4NCL Online Division 4"]
[Site "online"]
[Date "2021.08.24"]
[EventDate "2021.08.24"]
[Round "1.22"]
[White "Frostick, Helen M"]
[WhiteElo "1707"]
[WhiteTeam "Farnham B"]
[Black "Lord, Peter R"]
[BlackElo "1684"]
[BlackTeam "Uxbridge Bulldogs"]
[Result "0-1"]
[PlyCount "124"]

1. e4 d5 2. exd5 Nf6 3. d4 Bg4 4. Be2 Bxe2 5. Nxe2 Qxd5 6. O-O Nc6 7. Nbc3 Qf5 8. Ng3 Qg6 9. Nb5 O-O-O 10. c3 h5 11. Qf3 a6 12. Na3 e6 13. h3 h4 14. Ne2 e5 15. dxe5 Nxe5 16. Qe3 Nc6 17. Qg5 Qe4 18. Qe3 Bxa3 19. Qxe4 Nxe4 20. bxa3 Rd3 21. Re1 Rhd8 22. Bb2 Rd2 23. Rab1 f6 24. Nd4 Nxd4 25. Rxe4 Nc6 26. Kf1 Rd1+ 27. Re1 Rxb1 28. Rxb1 Ne5 29. Ke2 Nc4 30. Bc1 Re8+ 31. Kd3 Ne5+ 32. Kd4 Rd8+ 33. Ke4 Rd1 34. Kf5 Nd3 35. Kg6 Rxc1 36. Rb3 Nxf2 37. Kxg7 Ne4 38. Rb4 f5 39. Kg6 Rf1 40. Kh5 Nxc3 41. Kxh4 Nd5 42. Rb3 Nf4 43. Kg3 Ne2+ 44. Kh4 Rf2 45. g4 fxg4 46. hxg4 Rh2+ 47. Kg5 Nd4 48. Rb4 c5 49. Rb6 Kc7 50. Rf6 c4 51. Rf7+ Kb6 52. Rd7 Nc6 53. Kf5 c3 54. Rd1 c2 55. Rc1 Nd4+ 56. Ke4 Ne2 57. Rxc2 Ng3+ 58. Kd3 Rxc2 59. Kxc2 Kc5 60. Kd3 Kd5 61. a4 Ne4 62. a5 Nf2+ 0-1

[Event "4NCL Online Division 4"]
[Site "online"]
[Date "2021.08.24"]
[EventDate "2021.08.24"]
[Round "1.23"]
[White "Knight, Daniel"]
[WhiteElo "1664"]
[WhiteTeam "Uxbridge Bulldogs"]
[Black "Bourke, Matt"]
[BlackElo "1558"]
[BlackTeam "Farnham B"]
[Result "1/2-1/2"]
[PlyCount "75"]

1. d4 g6 2. Nf3 Bg7 3. c4 d6 4. Nc3 Nf6 5. Bg5 O-O 6. e3 h6 7. Bh4 g5 8. Bg3 Nh5 9. Be2 Nxg3 10. hxg3 Nc6 11. Qc2 e5 12. dxe5 Nxe5 13. Rd1 Nxf3+ 14. Bxf3 Qe7 15. Nd5 Qd8 16. b3 c6 17. Nc3 Qa5 18. Rc1 Bf5 19. Qd2 Rad8 20. O-O d5 21. cxd5 cxd5 22. Nb1 Qb5 23. Be2 Qd7 24. Bd3 Rc8 25. Bxf5 Qxf5 26. Rxc8 Rxc8 27. Rd1 Rc5 28. Rc1 Rxc1+ 29. Qxc1 d4 30. exd4 Bxd4 31. Qe1 Bxf2+ 32. Qxf2 Qxb1+ 33. Kh2 b6 34. Qe2 Kg7 35. Qa6 Qd1 36. Qxa7 Qh5+ 37. Kg1 Qd1+ 38. Kh2 1/2-1/2

[Event "4NCL Online Division 4"]
[Site "online"]
[Date "2021.08.24"]
[EventDate "2021.08.24"]
[Round "1.24"]
[White "Young, Jonathan G"]
[WhiteElo "1521"]
[WhiteTeam "Farnham B"]
[Black "Price, Michael C"]
[BlackElo "1644"]
[BlackTeam "Uxbridge Bulldogs"]
[Result "0-1"]
[PlyCount "132"]

1. e4 c5 2. c3 d5 3. exd5 Qxd5 4. d4 cxd4 5. Nf3 Nf6 6. cxd4 e6 7. Nc3 Qd8 8. Bd3 Be7 9. O-O O-O 10. h3 b6 11. Be3 Bb7 12. Rc1 Nbd7 13. Re1 Rc8 14. Qe2 a5 15. Ba6 Bxa6 16. Qxa6 Nb8 17. Qe2 Re8 18. Qb5 Nc6 19. Red1 Nb4 20. a3 Nbd5 21. Nxd5 Nxd5 22. Ne5 Bd6 23. Qd7 Bxe5 24. Qxd8 Rexd8 25. dxe5 Nxe3 26. fxe3 Kf8 27. Kf2 Ke7 28. Kf3 Rxd1 29. Rxd1 Rc2 30. Rb1 Kd7 31. b4 axb4 32. Rxb4 Kc6 33. g4 b5 34. a4 bxa4 35. Rxa4 Kd7 36. Ra7+ Rc7 37. Ra4 Ke7 38. Rb4 h6 39. Ke4 g6 40. Kf3 Kf8 41. Kf4 Kg7 42. h4 Rc1 43. Kg3 Re1 44. Rb3 Rg1+ 45. Kf3 Rh1 46. Kg3 Rd1 47. Rb5 Rc1 48. Kf4 Rc4+ 49. Kg3 g5 50. hxg5 hxg5 51. Kf3 Rc1 52. Rb2 Rf1+ 53. Ke4 Rh1 54. Rb7 Rh3 55. Rb1 Rg3 56. Rh1 Rxg4+ 57. Kf3 Rb4 58. Rf1 Kg6 59. Kg3 Re4 60. Rf6+ Kg7 61. Rf3 Rxe5 62. Kg4 Kg6 63. Rh3 f5+ 64. Kg3 Rxe3+ 65. Kg2 Rxh3 66. Kxh3 e5 0-1

[Event "4NCL Online Division 4"]
[Site "online"]
[Date "2021.08.24"]
[EventDate "2021.08.24"]
[Round "1.31"]
[White "Robins, Andrew"]
[WhiteElo "1772"]
[WhiteTeam "Ashfield Anonymous D"]
[Black "Smith, Mark"]
[BlackElo "1876"]
[BlackTeam "Wolfpack 1"]
[Result "0-1"]
[PlyCount "112"]

1. e4 d5 2. exd5 Nf6 3. d4 Bg4 4. Bb5+ Nbd7 5. Be2 Bxe2 6. Qxe2 Nxd5 7. c4 N5f6 8. Nc3 e6 9. Nf3 Be7 10. O-O O-O 11. Bf4 c6 12. Rfe1 Re8 13. a3 a5 14. Rad1 Nf8 15. Ne5 Qb6 16. Qc2 Rad8 17. Be3 Qa6 18. Rd2 b5 19. c5 Ng6 20. Nxg6 hxg6 21. Ne4 Nxe4 22. Qxe4 Rd5 23. Bf4 Red8 24. Red1 R8d7 25. Rd3 Qc8 26. Be5 b4 27. axb4 axb4 28. Rg3 Bxc5 29. Rgd3 Qd8 30. Kf1 f6 31. Bg3 e5 32. Qxg6 Bxd4 33. b3 Bc3 34. Ke2 e4 35. Rxd5 cxd5 36. f3 exf3+ 37. Kxf3 Re7 38. Qd3 d4 39. Bf2 Qd5+ 40. Kg3 Qg5+ 41. Kf3 Qh5+ 42. Kg3 Re5 43. Qc4+ Kh7 44. Qd3+ g6 45. Bxd4 Rd5 46. Qc4 Qxd1 47. Qc7+ Kh6 48. Be3+ Rg5+ 49. Bxg5+ fxg5 50. h3 Qxb3 51. Qc8 Be5+ 52. Kf2 Qg3+ 53. Kf1 b3 54. Qf8+ Bg7 55. Qb4 Qd3+ 56. Kg1 b2 0-1

[Event "4NCL Online Division 4"]
[Site "online"]
[Date "2021.08.24"]
[EventDate "2021.08.24"]
[Round "1.32"]
[White "Collett, Ray A"]
[WhiteElo "1874"]
[WhiteTeam "Wolfpack 1"]
[Black "Taylor, Robert P"]
[BlackElo "1671"]
[BlackTeam "Ashfield Anonymous D"]
[Result "0-1"]
[PlyCount "94"]

1. d4 d5 2. c4 e6 3. Nc3 c6 4. Nf3 Nf6 5. Bg5 Be7 6. e3 Nbd7 7. Rc1 O-O 8. cxd5 exd5 9. Bd3 Re8 10. O-O h6 11. Bh4 Nh5 12. Bxe7 Rxe7 13. Qc2 Nhf6 14. b4 b5 15. Ra1 Bb7 16. Rfc1 Nb6 17. a4 a6 18. a5 Nc4 19. Bxc4 dxc4 20. Rd1 Qd6 21. Rab1 Rae8 22. Ne5 Nd5 23. Ne4 Qc7 24. Nc5 Bc8 25. e4 Nf4 26. g3 Ne6 27. Nxe6 Rxe6 28. Re1 f6 29. Nf3 Qe7 30. e5 fxe5 31. Nxe5 Qd6 32. Qc3 Qd5 33. f4 R6e7 34. Rb2 Bf5 35. Rbe2 Bd3 36. Re3 Qd6 37. Qd2 Qxd4 38. Qf2 Qd6 39. Qf3 Bf5 40. g4 Bc8 41. h3 Bb7 42. Qd1 Qxb4 43. Qa1 Qc5 44. Kf1 b4 45. Re4 c3 46. Rc4 Qb5 47. Kf2 Rxe5 0-1

[Event "4NCL Online Division 4"]
[Site "online"]
[Date "2021.08.24"]
[EventDate "2021.08.24"]
[Round "1.33"]
[White "Fraser, Chris"]
[WhiteElo "1562"]
[WhiteTeam "Ashfield Anonymous D"]
[Black "Bloom, Paul"]
[BlackElo "1706"]
[BlackTeam "Wolfpack 1"]
[Result "0-1"]
[PlyCount "120"]

1. e4 c5 2. Nc3 Nc6 3. f4 g6 4. Nf3 Bg7 5. Bb5 Nd4 6. O-O Nxb5 7. Nxb5 a6 8. Nc3 b5 9. d3 e6 10. Qe1 Ne7 11. Kh1 Bb7 12. Qf2 Qc7 13. Bd2 b4 14. Na4 Rc8 15. Rad1 d6 16. b3 Nc6 17. Qh4 Qe7 18. Qf2 Nd4 19. Be3 Nxf3 20. Qxf3 f5 21. Nb6 Rc6 22. Na4 Rc8 23. Bf2 Bd4 24. Qe2 Qf7 25. Nb6 Rc6 26. Nc4 Ba8 27. e5 dxe5 28. Nxe5 Bxe5 29. Qxe5 Rg8 30. Qb8+ Kd7 31. Qa7+ Rc7 32. Qxa6 g5 33. fxg5 Bb7 34. Qc4 Rxg5 35. Bg3 h5 36. Qf4 Rxg3 37. Qxg3 Rc8 38. Qe3 Rg8 39. Rf2 Qg6 40. Rdd2 h4 41. Kg1 Qg4 42. d4 c4 43. bxc4 h3 44. g3 Be4 45. d5 exd5 46. cxd5 Kd6 47. Qb6+ Kd7 48. Qe6+ Kd8 49. Qb6+ Kd7 50. Qe6+ Kd8 51. Qc6 Rg6 52. Qc5 Qg5 53. Qd4 Rg8 54. d6 Rg7 55. Qxb4 Qf6 56. Qb8+ Kd7 57. Qb1 Qc3 58. a4 Ba8 59. Qe1 Qc6 60. Qe5 Qh1# 0-1

[Event "4NCL Online Division 4"]
[Site "online"]
[Date "2021.08.24"]
[EventDate "2021.08.24"]
[Round "1.34"]
[White "Gliddon, Daniel J"]
[WhiteElo "1664"]
[WhiteTeam "Wolfpack 1"]
[Black "Hardman, Daniel"]
[BlackElo "1541"]
[BlackTeam "Ashfield Anonymous D"]
[Result "0-1"]
[PlyCount "66"]

1. e4 e6 2. d4 d5 3. exd5 exd5 4. Nf3 Nc6 5. Bd3 Bg4 6. Be3 Nf6 7. O-O Bd6 8. Re1 O-O 9. h3 Be6 10. Nbd2 Nb4 11. Be2 Bf5 12. Rf1 Nxc2 13. Rc1 Nxe3 14. fxe3 Bg6 15. Nh4 Ne4 16. Nxg6 fxg6 17. Nxe4 dxe4 18. Qb3+ Kh8 19. Qxb7 Qh4 20. Rxf8+ Rxf8 21. Rf1 Re8 22. Bb5 Rd8 23. Qxa7 Qg3 24. d5 Qh2+ 25. Kf2 Bg3+ 26. Ke2 Qxg2+ 27. Kd1 Qxb2 28. Qc5 Qb1+ 29. Ke2 Qxa2+ 30. Kd1 Rxd5+ 31. Bd3 Rxd3+ 32. Kc1 Qa1+ 33. Kc2 Qxf1 0-1

[Event "4NCL Online Division 4"]
[Site "online"]
[Date "2021.08.24"]
[EventDate "2021.08.24"]
[Round "1.41"]
[White "Topping, Rachel"]
[WhiteElo "1243"]
[WhiteTeam "Manchester Juniors C"]
[Black "Sagar, Aneesh"]
[BlackElo "1597"]
[BlackTeam "Kent KJCA Kestrels 5"]
[Result "0-1"]
[PlyCount "126"]

1. e4 e5 2. Nf3 Nc6 3. Bc4 Bc5 4. Nc3 Nf6 5. O-O O-O 6. a3 a6 7. b4 Ba7 8. a4 Nxb4 9. Ba3 a5 10. Nxe5 d6 11. Nd3 Nxd3 12. Bxd3 Bg4 13. Qb1 Bb6 14. e5 Ne8 15. Nd5 Bd4 16. c3 Bxe5 17. Bxh7+ Kh8 18. f3 Be6 19. Ne3 Qh4 20. h3 Qxh7 21. f4 Bf6 22. Qxh7+ Kxh7 23. f5 Bd7 24. Rab1 Bc6 25. Ng4 Bg5 26. f6 Nxf6 27. Ne5 dxe5 28. Bxf8 Rxf8 29. d4 exd4 30. cxd4 Be3+ 31. Kh2 Bxd4 32. Rbd1 Be5+ 33. Kg1 Nd5 34. Rfe1 Bd6 35. Re4 Nf4 36. Rc4 Nxg2 37. Rd2 Ne3 38. Rh4+ Kg8 39. Rh5 g6 40. Rh6 Nf5 41. Rxd6 cxd6 42. Rxg6+ fxg6 43. Kh2 Bxa4 44. Kg2 d5 45. Kf3 b5 46. Ke2 b4 47. Kd3 b3 48. Kc3 Ne3 49. Kb2 d4 50. Ka3 Nc4+ 51. Kxa4 Nb6+ 52. Kxb3 a4+ 53. Kb2 a3+ 54. Kxa3 Na4 55. Kxa4 d3 56. Kb3 d2 57. Kc2 Rd8 58. Kd1 g5 59. Kc2 d1=Q+ 60. Kc3 Qd4+ 61. Kb3 Qb6+ 62. Kc4 Qc6+ 63. Kb4 Rb8+ 0-1

[Event "4NCL Online Division 4"]
[Site "online"]
[Date "2021.08.24"]
[EventDate "2021.08.24"]
[Round "1.42"]
[White "Heard, Tom"]
[WhiteElo "1517"]
[WhiteTeam "Kent KJCA Kestrels 5"]
[Black "Eccleston, Rowan"]
[BlackElo "1233"]
[BlackTeam "Manchester Juniors C"]
[Result "1-0"]
[PlyCount "49"]

1. e4 e5 2. Nf3 Nc6 3. Bc4 Nf6 4. d3 Bb4+ 5. c3 Bc5 6. Nbd2 Ng4 7. O-O d6 8. h3 Nf6 9. Re1 O-O 10. Nf1 Nh5 11. Nxe5 Qf6 12. d4 Bxd4 13. cxd4 dxe5 14. Qxh5 Nxd4 15. Bg5 Qb6 16. Be7 g6 17. Qh4 Re8 18. Ne3 c6 19. Bf6 h5 20. Qg5 Kh7 21. Bxf7 Rg8 22. Bxg8+ Kxg8 23. Qxg6+ Kf8 24. Qg7+ Ke8 25. Qe7# 1-0

[Event "4NCL Online Division 4"]
[Site "online"]
[Date "2021.08.24"]
[EventDate "2021.08.24"]
[Round "1.43"]
[White "Correa, Edward"]
[WhiteElo "1279"]
[WhiteTeam "Manchester Juniors C"]
[Black "Langley, Anthony M"]
[BlackElo "1462"]
[BlackTeam "Kent KJCA Kestrels 5"]
[Result "1/2-1/2"]
[PlyCount "98"]

1. d4 e6 2. Bf4 Nf6 3. Nf3 d6 4. e3 b6 5. Be2 Bb7 6. c4 Nbd7 7. Nc3 Nh5 8. Bg3 Nxg3 9. hxg3 g6 10. Qd2 h5 11. e4 Bh6 12. Qd3 O-O 13. d5 e5 14. Nd2 Nc5 15. Qc2 Qe7 16. g4 h4 17. g3 g5 18. gxh4 gxh4 19. Nf3 Kg7 20. Nxh4 Bc8 21. Bd3 Nxd3+ 22. Qxd3 Bxg4 23. Qg3 Qg5 24. Rg1 Qd2+ 25. Kf1 Kf6 26. Qxg4 Rg8 27. Qf3+ Bf4 28. Rxg8 Rxg8 29. Qe2 Qxe2+ 30. Nxe2 Rg4 31. Nxf4 Rxh4 32. Ne2 Rxe4 33. b3 Rh4 34. Ng3 Kg5 35. Kg2 Rd4 36. Re1 f5 37. Re2 Rd3 38. Re3 Rd2 39. Re2 Rd1 40. Kf3 e4+ 41. Kg2 Kg4 42. Nf1 Kf4 43. Ne3 Rd3 44. Kf1 Ke5 45. Nc2 Rd1+ 46. Re1 Rd2 47. Re2 Rd1+ 48. Re1 Rd2 49. Re2 Rd1+ 1/2-1/2

[Event "4NCL Online Division 4"]
[Site "online"]
[Date "2021.08.24"]
[EventDate "2021.08.24"]
[Round "1.44"]
[White "Manikandan, Gaurav"]
[WhiteElo "1338"]
[WhiteTeam "Kent KJCA Kestrels 5"]
[Black "Benhamida, Jude"]
[BlackElo "1199"]
[BlackTeam "Manchester Juniors C"]
[Result "1-0"]
[PlyCount "115"]

1. e4 e5 2. Bc4 Nf6 3. Nc3 Nc6 4. Nf3 Bc5 5. d3 d6 6. h3 h6 7. Qe2 O-O 8. O-O Qe7 9. Be3 Bb6 10. a4 Be6 11. Nd5 Bxd5 12. exd5 Nb4 13. Bxb6 axb6 14. c3 Nbxd5 15. Bxd5 Nxd5 16. Qe4 c6 17. Rfe1 Rfe8 18. c4 Nf6 19. Qe3 Qe6 20. Qxb6 Rab8 21. b4 Qf5 22. Qe3 Nd7 23. Qe4 Qxe4 24. Rxe4 Ra8 25. a5 f6 26. Nh4 d5 27. cxd5 cxd5 28. Re3 d4 29. Re4 Re6 30. Nf5 b6 31. Nxd4 Rd6 32. Nb5 Rxd3 33. a6 Nb8 34. a7 Nc6 35. Rc4 Nd8 36. Nc7 Rc8 37. a8=Q Rxa8 38. Rxa8 Rd1+ 39. Kh2 Kh7 40. Nb5 Ne6 41. Rc6 Nf4 42. Rxb6 Nd3 43. Rd6 e4 44. Nc3 f5 45. Nxd1 Nxf2 46. Nxf2 e3 47. Ng4 e2 48. Re8 fxg4 49. Rxe2 gxh3 50. b5 h5 51. b6 hxg2 52. b7 g6 53. b8=Q Kh6 54. Rd5 g1=Q+ 55. Kxg1 g5 56. Re6+ Kg7 57. Qc7+ Kf8 58. Rd8# 1-0